Programmation linéaire /
Guardado en:
| Autor Principal: | |
|---|---|
| Otros Autores: | |
| Formato: | Libro |
| Idioma: | French |
| Publicado: |
Paris :
Dunod,
1962.
|
| Etiquetas: |
Agregar Etiqueta
Sin Etiquetas, Sea el primero en etiquetar este registro!
|
| LEADER | 00496nam a22001695a 4500 | ||
|---|---|---|---|
| 001 | MAT.inmabb001480 | ||
| 008 | 031124s1962####fr############000#0#fre#d | ||
| 005 | 20170816121435.0 | ||
| 245 | 1 | 0 | |a Programmation linéaire / |c par M. Simonnard ; préface de R. Fortet. |
| 260 | |a Paris : |b Dunod, |c 1962. | ||
| 300 | |a xx, 419 p. ; |c 25 cm. | ||
| 510 | 4 | |a MR, |c 25 #1952 | |
| 100 | 1 | |a Simonnard, M. | |
| 700 | 1 | |a Fortet, R. |4 aui | |
| 084 | |a 90.50 |2 MR | ||
| 010 | |a 62067447 | ||
| 859 | |h 90 |i Si599 |p A-1787 |b BIB. MATEMATICA | ||
